countries with the most christian persecution - Statistics

General Stats
  • This quiz has been taken 7 times
  • The average score is 9 of 13
Answer Stats
Answer % Correct
middle east Iran
100%
africa Libya
100%
kim North Korea
100%
africa Sudan
100%
middle east Syria
100%
africa Democratic Republic of the Congo
83%
middle east Yemen
67%
asia India
67%
africa Eritrea
50%
africa Mozambique
50%
asia Myanmar
50%
middle east Pakistan
50%
afirca Somolia
0%
No matching quizzes found
Score Distribution
Percent of People with Each Score
Percentile by Number Answered
Your Score History
You have not taken this quiz